000 01372nab a22002537a 4500
999 _c5997
_d5997
003 OSt
005 20260115215628.0
008 190605e xxu||||| |||| 00| 0 spa d
040 _cPJ
100 _96190
_aFandos, Maricel
245 1 3 _aLos alcances del art. 30 de la LCT según la CS a la luz de los fallos "Payalap" y "Bergonci" /
_cMaricel Fandos.
260 _aCiudad Autónoma de Buenos Aires :
_bThomson Reuters La Ley,
_c2025.
300 _ap. 55-62
500 _aCita Online: Cita: TR LALEY AR/DOC/345/2025.
505 _aSumario: I. Los hechos en el caso "Payalap".— II. Lo que resolvió la Cámara Nacional de Apelaciones.— III. Argumentos de la CS.— IV. Antecedentes.— V. La responsabilidad solidaria.— VI. Criterio e intervención de la CS en la aplicación del art. 30 LCT.— VII. El fallo "Bergonci".— VIII. Conclusión. Arbitrariedad como criterio.
505 _t¿Te interesa el texto completo? Solicitalo al correo: koha@justierradelfuego.gov.ar
650 0 _91316
_aDERECHO LABORAL
650 0 _91323
_aCONTRATO DE TRABAJO
650 0 _91803
_aRELACIONES LABORALES
650 0 _91383
_aLEY DE CONTRATO DE TRABAJO
650 0 _94951
_aRESPONSABILIDAD SOLIDARIA
773 0 _02711
_93168
_dCiudad Autónoma de Buenos Aires : Thomson Reuters La Ley, 1999-2002.
_tRevista de derecho del trabajo. Nº 2 - Marzo 2025
942 _2udc
_cANA